书目信息 |
| 题名: |
二、三年制师范专科学校教学大纲
|
|
| 作者: | ;教育部 审订 | |
| 分册: | 供化学专业试用 | |
| 出版信息: | 北京 高等教育出版社 1983 |
|
| 页数: | 189页 | |
| 开本: | 21cm | |
| 丛书名: | ||
| 单 册: | ||
| 中图分类: | G652.3 | |
| 科图分类: | ||
| 主题词: | 教学大纲-师范大学 , 教育--各级 , 师范大学-教学大纲 | |
| 电子资源: | ||
| ISBN: | ||
| 000 | 00743nam0 2200253 45 | |
| 001 | 0183011157 | |
| 005 | 20070616104901.85 | |
| 010 | @dCNY0.56 | |
| 091 | @a7010.0571 | |
| 100 | @a19950224d1983 em y0chiy0121 ea | |
| 101 | 0 | @achi |
| 102 | @aCN@b110000 | |
| 105 | @ay z 000yy | |
| 200 | 10 | @a二、三年制师范专科学校教学大纲@Aer、 san nian zhi shi fan zhuan ke xue xiao jiao xue da gang@i供化学专业试用@f教育部审订 |
| 210 | @a北京@c高等教育出版社@d1983 | |
| 215 | @a189页@d21cm | |
| 606 | @a教学大纲-师范大学 | |
| 606 | 0 | @a教育@x各级 |
| 606 | @a师范大学-教学大纲 | |
| 690 | @aG652.3 | |
| 711 | 02 | @a教育部@Ajiao yu bu@4审订 |
| 801 | 0 | @aCN@b上海图书馆@c20070616 |
| 801 | 2 | @aCN@bNLC@c20060911 |
| 905 | @dG652.3@e22@b155340-341@f2 | |
| 二、三年制师范专科学校教学大纲.供化学专业试用/教育部审订.-北京:高等教育出版社,1983 |
| 189页;21cm |
| ISBN :CNY0.56 |
| ● |
| 相关链接 |
|
|
|
|
正题名:二、三年制师范专科学校教学大纲
索取号:G652.3/22
 
预约/预借
| 序号 | 登录号 | 条形码 | 馆藏地/架位号 | 状态 | 备注 |
| 1 | 0155340 | 001001917 | 密集书库/ [索取号:G652.3/22] | 在馆 | |
| 2 | 0155341 | 001001962 | 密集书库/ [索取号:G652.3/22] | 在馆 | |
| 3 | 0155342 | 000491408 | 第一样本阅览室/ [索取号:G652.3/22] | 在馆 | |
| 4 | 0425177 | 204251772 | 密集书库/ [索取号:G652.3/22] | 在馆 | |
| 5 | 0425182 | 204251825 | 密集书库/ [索取号:G652.3/22] | 在馆 | |
| 6 | 0425183 | 204251834 | 密集书库/ [索取号:G652.3/22] | 在馆 | |
| 7 | 0425184 | 204251843 | 密集书库/ [索取号:G652.3/22] | 在馆 | |
| 8 | 0425188 | 204251889 | 密集书库/ [索取号:G652.3/22] | 在馆 | |
| 9 | 0425317 | 204253173 | 密集书库/ [索取号:G652.3/22] | 在馆 | |
| 10 | 0425324 | 204253244 | 密集书库/ [索取号:G652.3/22] | 在馆 | |
| 11 | 0426162 | 204261627 | 密集书库/ [索取号:G652.3/22] | 在馆 | |
| 12 | 0426164 | 204261645 | 密集书库/ [索取号:G652.3/22] | 在馆 | |
| 13 | 0426165 | 204261654 | 密集书库/ [索取号:G652.3/22] | 在馆 | |
| 14 | 0426283 | 204262831 | 密集书库/ [索取号:G652.3/22] | 在馆 | |
| 15 | 0440417 | 204404171 | 密集书库/ [索取号:G652.3/22] | 在馆 | |
| 16 | 0440418 | 204404180 | 密集书库/ [索取号:G652.3/22] | 在馆 | |
| 17 | 0440419 | 204404199 | 密集书库/ [索取号:G652.3/22] | 在馆 | |
| 18 | 0440420 | 204404206 | 密集书库/ [索取号:G652.3/22] | 在馆 | |
| 19 | 0440421 | 204404215 | 密集书库/ [索取号:G652.3/22] | 在馆 | |
| 20 | 0440422 | 204404224 | 密集书库/ [索取号:G652.3/22] | 在馆 | |
| 21 | 0440423 | 204404233 | 密集书库/ [索取号:G652.3/22] | 在馆 | |
| 22 | 0440424 | 204404242 | 密集书库/ [索取号:G652.3/22] | 在馆 | |
| 23 | 0440425 | 204404251 | 密集书库/ [索取号:G652.3/22] | 在馆 | |
| 24 | 0440426 | 204404260 | 密集书库/ [索取号:G652.3/22] | 在馆 | |
| 25 | 0440427 | 204404279 | 密集书库/ [索取号:G652.3/22] | 在馆 | |
| 26 | 0440428 | 204404288 | 密集书库/ [索取号:G652.3/22] | 在馆 | |
| 27 | 0440429 | 204404297 | 密集书库/ [索取号:G652.3/22] | 在馆 | |
| 28 | 0440430 | 204404304 | 密集书库/ [索取号:G652.3/22] | 在馆 | |
| 29 | 0440431 | 204404313 | 密集书库/ [索取号:G652.3/22] | 在馆 | |
| 30 | 0440432 | 204404322 | 密集书库/ [索取号:G652.3/22] | 在馆 | |
| 31 | 0442196 | 204421964 | 密集书库/ [索取号:G652.3/22] | 在馆 | |
| 32 | 0442197 | 204421973 | 密集书库/ [索取号:G652.3/22] | 在馆 | |
| 33 | 0442198 | 204421982 | 密集书库/ [索取号:G652.3/22] | 在馆 | |
| 34 | 0446933 | 204469333 | 密集书库/ [索取号:G652.3/22] | 在馆 | |
| 35 | 0449073 | 204490737 | 密集书库/ [索取号:G652.3/22] | 在馆 | |
| 36 | 0449083 | 204490835 | 密集书库/ [索取号:G652.3/22] | 在馆 | |
| 37 | 0449084 | 204490844 | 密集书库/ [索取号:G652.3/22] | 在馆 | |
| 38 | 0449085 | 204490853 | 密集书库/ [索取号:G652.3/22] | 在馆 | |
| 39 | 0449086 | 204490862 | 密集书库/ [索取号:G652.3/22] | 在馆 | |
| 40 | 0459535 | 204595358 | 密集书库/ [索取号:G652.3/22] | 在馆 | |
| 41 | 0471981 | 204719812 | 密集书库/ [索取号:G652.3/22] | 在馆 | |
| 42 | 0653546 | 206535463 | 库房3/ [索取号:G652.3/22] | 在馆 | |
| 43 | 0653547 | 206535472 | 库房3/ [索取号:G652.3/22] | 在馆 | |
| 44 | 0653548 | 206535481 | 库房3/ [索取号:G652.3/22] | 在馆 | |
| 45 | 0653549 | 206535490 | 库房3/ [索取号:G652.3/22] | 在馆 | |
| 46 | 0653550 | 206535506 | 库房3/ [索取号:G652.3/22] | 在馆 | |
| 47 | 0653551 | 206535515 | 库房3/ [索取号:G652.3/22] | 在馆 | |
| 48 | 0653552 | 206535524 | 库房3/ [索取号:G652.3/22] | 在馆 | |
| 49 | 0653553 | 206535533 | 库房3/ [索取号:G652.3/22] | 在馆 | |
| 50 | 0653554 | 206535542 | 库房3/ [索取号:G652.3/22] | 在馆 | |
| 51 | 0653555 | 206535551 | 库房3/ [索取号:G652.3/22] | 在馆 | |
| 52 | 0653556 | 206535560 | 库房3/ [索取号:G652.3/22] | 在馆 | |
| 53 | 0653557 | 206535579 | 库房3/ [索取号:G652.3/22] | 在馆 |